Total Drama Possible Winners Quiz Stats

Quiz not verified by Sporcle

Challenge
Share
Tweet
Embed
Score 0/10 Timer 04:00
0 Plays Today
% Correct
Alejandro
92.7%
Heather
90.2%
Mike
89.3%
Duncan
88.5%
Cameron
87.5%
Zoey
87.5%
Gwen
87%
Owen
85.9%
Beth
85.9%
Lightning
85.6%

You're not logged in!

Compare scores with friends on all Sporcle quizzes.
Sign Up with Email
OR
Log In

You Might Also Like...

Show Comments

Extras

Top Quizzes Today


Score Distribution

Your Account Isn't Verified!

In order to create a playlist on Sporcle, you need to verify the email address you used during registration. Go to your Sporcle Settings to finish the process.